Heat transfer (Record no. 3641)

000 -LEADER
fixed length control field 00564nam a2200229 a 4500
001 - CONTROL NUMBER
control field 3641
003 - CONTROL NUMBER IDENTIFIER
control field BD-DhUET
008 - FIXED-LENGTH DATA ELEMENTS--GENERAL INFORMATION
fixed length control field 960506s1997 nyua b 001 0 eng
020 ## - INTERNATIONAL STANDARD BOOK NUMBER
International Standard Book Number 0071143203
020 ## - INTERNATIONAL STANDARD BOOK NUMBER
International Standard Book Number 0078447852
040 ## - CATALOGING SOURCE
Original cataloging agency DLC
Transcribing agency DLC
Modifying agency BD-DhUET
082 00 - DEWEY DECIMAL CLASSIFICATION NUMBER
Classification number 621.011
Item number HOL/1997
100 1# - MAIN ENTRY--PERSONAL NAME
Personal name Holman, J. P.
245 10 - TITLE STATEMENT
Title Heat transfer
250 ## - EDITION STATEMENT
Edition statement 8th ed.
260 ## - PUBLICATION, DISTRIBUTION, ETC. (IMPRINT)
Place of publication, distribution, etc. New York
Name of publisher, distributor, etc. McGraw-Hill
Date of publication, distribution, etc. 1997
300 ## - PHYSICAL DESCRIPTION
Extent xviii, 696 p.
Other physical details ill.
490 ## - SERIES STATEMENT
Series statement Schaum's outline series
504 ## - BIBLIOGRAPHY, ETC. NOTE
Bibliography, etc Includes bibliographies
650 #0 - SUBJECT ADDED ENTRY--TOPICAL TERM
Topical term or geographic name as entry element Heat transfer
942 ## - ADDED ENTRY ELEMENTS (KOHA)
Koha item type General Book
Holdings
Sublocation or collection (holding branch) Piece designation (barcode) Koha date last seen Koha out on loan Koha date last borrowed Location (home branch) Damaged status Price effective from Koha full call number Koha normalized classification for sorting Copy number Source of classification or shelving scheme Lost status Withdrawn status Date acquired Koha item type Koha issues (times borrowed) Not for loan Shelving location
Central Library, BUET924502025-04-272025-05-112025-04-27Central Library, BUET 2014-11-03621.011/HOL/1997621_011000000000000_HOL_19971   2014-11-03General Book3 Circulation section
Central Library, BUET924522014-11-03  Central Library, BUET 2014-11-03621.011/HOL/1997621_011000000000000_HOL_19972   2014-11-03General Book  Circulation section
Central Library, BUET924532016-07-30  Central Library, BUET 2014-11-03621.011/HOL/1997621_000000000000000_011HOL19973   2014-11-03General Book  Circulation section
Central Library, BUET924542022-06-08 2022-01-09Central Library, BUET 2014-11-03621.011/HOL/1997621_000000000000000_011HOL19974   2014-11-03General Book1 Circulation section
Central Library, BUET924552024-10-28 2024-10-02Central Library, BUET 2014-11-03621.011/HOL/1997621_000000000000000_011HOL19975   2014-11-03General Book2 Circulation section
Central Library, BUET924572024-08-31 2023-12-10Central Library, BUET 2014-11-03621.011/HOL/1997621_000000000000000_011HOL19976   2014-11-03General Book3 Circulation section
Central Library, BUET924592014-11-03  Central Library, BUET 2014-11-03621.011/HOL/1997621_000000000000000_011HOL19977   2014-11-03General Book  Circulation section
Central Library, BUET924602024-08-28 2024-03-12Central Library, BUET 2014-11-03621.011/HOL/1997621_011000000000000_HOL_19978   2014-11-03General Book1 Circulation section
Central Library, BUET924612024-06-22 2024-04-08Central Library, BUET 2014-11-03621.011/HOL/1997621_000000000000000_011HOL19979   2014-11-03General Book1 Circulation section
Central Library, BUET924622025-03-12 2024-12-10Central Library, BUET 2014-11-03621.011/HOL/1997621_000000000000000_011HOL199710   2014-11-03General Book5 Circulation section
Central Library, BUET924642017-05-03 2015-03-04Central Library, BUET 2014-11-03621.011/HOL/1997621_000000000000000_011HOL199711   2014-11-03General Book1 Circulation section
Central Library, BUET924652019-07-10 2019-06-17Central Library, BUET 2014-11-03621.011/HOL/1997621_000000000000000_011HOL199712   2014-11-03General Book3 Circulation section
Central Library, BUET924662022-06-08 2022-05-24Central Library, BUET 2014-11-03621.011/HOL/1997621_000000000000000_011HOL199713   2014-11-03General Book3 Circulation section
Central Library, BUET924682015-04-12  Central Library, BUET 2015-04-12621.011 HOL/1997621_011000000000000_HOL_199714   2015-04-12General Book  Circulation section
Central Library, BUET924472015-07-02  Central Library, BUET 2015-07-02621.011/HOL/1997621_011000000000000_HOL_199715   2015-07-02Reading Item  Reading section
Central Library, BUET924462015-07-09  Central Library, BUET 2015-07-09621.011/HOL/1997621_011000000000000_HOL_199716   2015-07-09Reading Item  Reading section